The age of faith : (Record no. 25413)
[ view plain ]
| 000 -LEADER | |
|---|---|
| fixed length control field | 01069mam a2200277 a 4500 |
| 001 - CONTROL NUMBER | |
| control field | 25413 |
| 003 - CONTROL NUMBER IDENTIFIER | |
| rucl marc code | BD-RjUL |
| 005 - DATE AND TIME OF LATEST TRANSACTION | |
| control field | 20211209050857.0 |
| 008 - FIXED-LENGTH DATA ELEMENTS--GENERAL INFORMATION | |
| fixed length control field | 140318s1950 nyuabf 001 0 eng d |
| 035 ## - SYSTEM CONTROL NUMBER | |
| System control number | (BD-RjUL)25483 |
| System control number | (NNC)1959303 |
| 040 ## - CATALOGING SOURCE | |
| Original cataloging agency | ELW |
| Transcribing agency | ELW |
| Modifying agency | OCL |
| -- | TNH |
| -- | TAI |
| -- | BD-RjUL |
| Language of cataloging | eng |
| 041 ## - LANGUAGE CODE | |
| Language code of text/sound track or separate title | eng |
| 082 04 - DEWEY DECIMAL CLASSIFICATION NUMBER | |
| Classification number | 940.1 |
| Author mark and year | DUA 1950 |
| 100 1# - MAIN ENTRY--PERSONAL NAME | |
| Personal name | Durant, Will, |
| Dates associated with a name | 1885-1981. |
| 9 (RLIN) | 3138 |
| 245 14 - TITLE STATEMENT | |
| Title | The age of faith : |
| Remainder of title | a history of medieval civilization--Christian, Islamic, and Judaic-- from Constantine to Dante: A.D. 325-1300 / |
| Statement of responsibility, etc. | by Will Durant. |
| 260 ## - PUBLICATION, DISTRIBUTION, ETC. (IMPRINT) | |
| Place of publication, distribution, etc. | New York : |
| Name of publisher, distributor, etc. | Simon and Schuster, |
| Date of publication, distribution, etc. | 1950. |
| 300 ## - PHYSICAL DESCRIPTION | |
| Pagination | xviii, 1196 p., [16] leaves of plates : |
| Illustrations | ill., maps (on lining papers) ; |
| Size | 25 cm. |
| 490 1# - SERIES STATEMENT | |
| Series statement | The story of civilization / Will Durant ; |
| Volume/sequential designation | 4 |
| 504 ## - BIBLIOGRAPHY, ETC. NOTE | |
| Bibliography, etc | Includes bibliographical references (p. 1087-1100) and index. |
| 650 #0 - SUBJECT ADDED ENTRY--TOPICAL TERM | |
| Topical term or geographic name as entry element | Civilization, Medieval. |
| 9 (RLIN) | 78136 |
| Topical term or geographic name as entry element | Christian civilization |
| General subdivision | History. |
| 9 (RLIN) | 78137 |
| Topical term or geographic name as entry element | Islamic civilization |
| General subdivision | History. |
| 9 (RLIN) | 78138 |
| Topical term or geographic name as entry element | Jews |
| General subdivision | Civilization. |
| 9 (RLIN) | 78092 |
| 942 ## - ADDED ENTRY ELEMENTS (KOHA) | |
| Source of classification or shelving scheme | Dewey Decimal Classification |
| Koha item type | Books |
| Lost status | Source of classification or shelving scheme | Damaged status | Not for loan | Collection code | Permanent Location | Current Location | Shelving location | Date acquired | Source of acquisition | Cost, normal purchase price | Total Checkouts | Full call number | Date last seen | Copy number | Koha item type |
|---|---|---|---|---|---|---|---|---|---|---|---|---|---|---|---|
| Dewey Decimal Classification | Non-fiction | Central Library, University of Rajshahi | Central Library, University of Rajshahi | 04/07/1968 | Dhaka Book Center | 60.00 | 940.1 DUA 1950 | 18/03/2014 | C-3 | Books |